000
00277nam a22001217a 4500
008
170907b xxu||||| |||| 00| 0 eng d
041
_a
eng
080
_a
721
100
_a
41
101
_a
NDI
245
_a
CARPENTRY AND BUILDING CONSTRUCTION
_c
FEIRER,J.L
942
_2
udc
_c
BK
999
_c
26559
_d
26559